| 000 | 00790nam a2200205 a 4500 | ||
|---|---|---|---|
| 005 | 20230511063525.0 | ||
| 008 | 991125s1985 mx 000 0 spa u | ||
| 035 | _aUPN01000011729 | ||
| 049 | _aF | ||
| 050 | 4 |
_aF1203 _bC8 no.45 |
|
| 245 | 0 | 0 |
_aConvención de Aguascalientes / _ccolab. Georgette José Valenzuela, Arturo Priego Ojeda. |
| 260 |
_aMéxico : _bINEHRM, _c1985. |
||
| 300 |
_a110 p. : _bfotos |
||
| 440 | 0 |
_aSerie de cuadernos conmemorativos ; _v45 |
|
| 500 | _a"Comisión Nacional para las celebraciones del 175 aniversario de la Independencia Nacional y 75 aniversario de la Revolución Mexicana" | ||
| 651 | 4 |
_aMéxico _xHistoria _yRevolución, 1910-1917 _9223 |
|
| 700 | 1 |
_aValenzuela, Georgette José, _ecolab. |
|
| 700 | 1 |
_aPriego Ojeda, Arturo, _ecolab. |
|
| 905 | _aLibro | ||
| 999 |
_c11729 _d11729 |
||